Makanan sihat sebagai ubat (Record no. 128581)

MARC details
000 -LEADER
fixed length control field 00701nam a2200241 i 4500
001 - CONTROL NUMBER
control field C2-0329339
003 - CONTROL NUMBER IDENTIFIER
control field PPAK
005 - DATE AND TIME OF LATEST TRANSACTION
control field 20180728130427.0
008 - FIXED-LENGTH DATA ELEMENTS--GENERAL INFORMATION
fixed length control field 141217s2008 my a|||| ||||| | may d
020 ## - INTERNATIONAL STANDARD BOOK NUMBER
International Standard Book Number 9789834231323
040 ## - CATALOGING SOURCE
Original cataloging agency PPAK
Language of cataloging eng
Transcribing agency PPAK
Description conventions rda
082 04 - DEWEY DECIMAL CLASSIFICATION NUMBER
Classification number 613
Edition number 23
090 00 - LOCALLY ASSIGNED LC-TYPE CALL NUMBER (OCLC); LOCAL CALL NUMBER (RLIN)
Classification number (OCLC) (R) ; Classification number, CALL (RLIN) (NR) 613
Feature heading LIM
Feature heading G
100 1# - MAIN ENTRY--PERSONAL NAME
Personal name Lim, Hin Fui,
Dates associated with a name 1954-
Relator term author
245 10 - TITLE STATEMENT
Title Makanan sihat sebagai ubat
264 #1 - PRODUCTION, PUBLICATION, DISTRIBUTION, MANUFACTURE, AND COPYRIGHT NOTICE
Place of production, publication, distribution, manufacture Kuala Lumpur :
Name of producer, publisher, distributor, manufacturer Samarata Enterprise ,
Date of production, publication, distribution, manufacture, or copyright notice 2008
300 ## - PHYSICAL DESCRIPTION
Extent xvii, 206 pages :
Other physical details colour photographs ;
Dimensions 21 cm
336 ## - CONTENT TYPE
Source rdacontent
Content type term text
337 ## - MEDIA TYPE
Source rdamedia
Media type term unmediated
338 ## - CARRIER TYPE
Source rdacarrier
Carrier type term volume
650 10 - SUBJECT ADDED ENTRY--TOPICAL TERM
Topical term or geographic name entry element Food habits - Health aspects. ; Nutrition.
942 ## - ADDED ENTRY ELEMENTS (KOHA)
-- dc
Koha item type Book
Holdings
Withdrawn Not for loan Current library Shelving location Date acquired Full call number Barcode Date last seen Koha item type Total Checkouts
    PD04, Kg. Bukit Nambua, Kuala Nerang Pinjaman Dewasa 07/03/2017 613 LIM A00730014 09/05/2018 Book  
    PD06, Kg. Kepala Bukit, Pendang Pinjaman Dewasa 04/01/2016 613 LIM A00876374 09/05/2018 Book  
    PD38, KEDA Tanjung Setol, Pendang Pinjaman Dewasa 04/01/2015 613 LIM A00872507 09/05/2018 Book